[Event "Sao Paulo Hebraica op 33rd"]
[Site "Sao Paulo"]
[Date "2024.06.29"]
[Round "4"]
[White "Leon Lopes, Sergio Amadeus"]
[Black "Souza, Gustavo Urbano de"]
[Result "1-0"]
[WhiteElo "1912"]
[BlackElo "1855"]
[PlyCount "49"]
[EventDate "2024.06.28"]
[EventType "swiss"]
[EventRounds "6"]
[EventCountry "BRA"]
[SourceTitle "CB28_2024"]
[SourceDate "2024.07.10"]
[SourceVersion "1"]
[SourceVersionDate "2024.07.10"]
[SourceQuality "1"]

1. e4 e5 2. Nf3 Nc6 3. Bb5 d6 4. 0-0 Nf6 5. Re1 Be7 6. c3 0-0 7. h3 Bd7 8. d4 Re8 9. Bg5 exd4 10. Bxf6 Bxf6 11. cxd4 a6 12. Bc4 Na5 13. Bf1 c5 14. Nc3 g6 15. dxc5 dxc5 16. Qd6 Be7 17. Qf4 Be6 18. Rad1 Qb8 19. e5 Rd8 20. Ne4 Qc7 21. Qh6 Kh8 22. Nf6 Bxf6 23. exf6 Rg8 24. Ng5 Qd6 25. Qxh7# 1-0

[Event "Sao Paulo Karman Cup 13th"]
[Site "Sao Paulo"]
[Date "2017.11.26"]
[Round "5"]
[White "Jenidarchiche, Douglas Rodrigo"]
[Black "Leon Lopes, Sergio Amadeus"]
[Result "0-1"]
[WhiteElo "1834"]
[BlackElo "1873"]
[PlyCount "60"]
[EventDate "2017.11.24"]
[EventType "swiss"]
[EventRounds "6"]
[EventCountry "BRA"]
[SourceTitle "CBM 181 Extra"]
[Source "ChessBase"]
[SourceDate "2017.12.12"]
[SourceVersion "1"]
[SourceVersionDate "2017.12.12"]
[SourceQuality "1"]

1. e4 e6 2. d3 d5 3. Nd2 Nf6 4. Ngf3 c5 5. g3 Nc6 6. Bg2 Be7 7. 0-0 0-0 8. Re1 Re8 9. e5 Nd7 10. Nf1 f6 11. exf6 Nxf6 12. h4 Bd6 13. N1h2 e5 14. Bg5 h6 15. Nd2 hxg5 16. hxg5 Nh7 17. Bxd5+ Be6 18. Bxe6+ Rxe6 19. Qg4 Rg6 20. Ne4 Nxg5 21. Qh5 Kf7 22. f4 exf4 23. Rf1 Nxe4 24. dxe4 Qg5 25. Qe2 Qxg3+ 26. Kh1 Rh8 27. Rf2 f3 28. Raf1 Ke7 29. Qd2 Rgh6 30. e5 Bxe5 0-1

[Event "Sao Paulo Karman Cup 13th"]
[Site "Sao Paulo"]
[Date "2017.11.25"]
[Round "4"]
[White "Leon Lopes, Sergio Amadeus"]
[Black "Machado, Antonio Rodrigo"]
[Result "1/2-1/2"]
[WhiteElo "1873"]
[BlackElo "1656"]
[PlyCount "109"]
[EventDate "2017.11.24"]
[EventType "swiss"]
[EventRounds "6"]
[EventCountry "BRA"]
[SourceTitle "CBM 181 Extra"]
[Source "ChessBase"]
[SourceDate "2017.12.12"]
[SourceVersion "1"]
[SourceVersionDate "2017.12.12"]
[SourceQuality "1"]

1. e4 e5 2. Nf3 Nc6 3. Bb5 a6 4. Ba4 Nf6 5. 0-0 Be7 6. Re1 b5 7. Bb3 0-0 8. c3 d5 9. d3 Bb7 10. Nbd2 dxe4 11. dxe4 Re8 12. Bxf7+ Kxf7 13. Qb3+ Kg6 14. Nh4+ Kh5 15. Nf5 Kg6 16. Re3 Nxe4 17. Nxe7+ Qxe7 18. Nxe4 h6 19. Qc2 Kf7 20. Rg3 Nd8 21. Be3 Ne6 22. Nc5 Nxc5 23. Qg6+ Kg8 24. Bxc5 Qf7 25. Qxh6 Re6 26. Qh4 Rg6 27. Rd1 Rxg3 28. Qxg3 Re8 29. Qg4 Bc8 30. Qg5 Qf6 31. Qe3 Bg4 32. f3 Be6 33. b3 Bf5 34. Re1 e4 35. Bd4 Qg6 36. f4 Rd8 37. b4 Rd7 38. Ra1 Be6 39. a4 Bc4 40. axb5 Bxb5 41. Re1 Bd3 42. Qh3 Rd8 43. Qh4 Rd7 44. Qh3 Rd8 45. f5 Qh6 46. Qg3 Rf8 47. f6 Rf7 48. Qe5 Rxf6 49. Qxc7 Qf4 50. Qc8+ Rf8 51. Qe6+ Kh7 52. Qh3+ Kg8 53. Qe6+ Kh7 54. Qh3+ Kg8 55. Qe6+ 1/2-1/2

[Event "BRA-ch Amateur U2000"]
[Site "Sao Paulo"]
[Date "2017.10.13"]
[Round "4"]
[White "Leon Lopes, Sergio Amadeus"]
[Black "Desideri, Ricardo Maruchi"]
[Result "1-0"]
[WhiteElo "1868"]
[BlackElo "1927"]
[PlyCount "53"]
[EventDate "2017.10.12"]
[EventType "swiss"]
[EventRounds "7"]
[EventCountry "BRA"]
[SourceTitle "EXT 2022"]
[Source "ChessBase"]
[SourceDate "2021.10.06"]
[SourceVersion "1"]
[SourceVersionDate "2021.10.06"]
[SourceQuality "1"]

1. c4 d6 2. Nc3 e5 3. Nf3 f5 4. d3 Nf6 5. e4 Be7 6. Be2 Nc6 7. a3 a5 8. Rb1 0-0 9. b4 Nd4 10. 0-0 Nxe2+ 11. Qxe2 fxe4 12. dxe4 Bg4 13. Rd1 axb4 14. axb4 Qe8 15. Rd3 Qc6 16. Nd5 Nxd5 17. cxd5 Qc4 18. Qe3 Bxf3 19. gxf3 Bg5 20. Rc3 Qa2 21. Qd3 Rxf3 22. Qxf3 Qxb1 23. Rxc7 Bf6 24. Qg4 h5 25. Qg6 h4 26. h3 Rf8 27. Kg2 1-0

[Event "Sao Paulo Schutt op 14th"]
[Site "Sao Paulo"]
[Date "2017.09.17"]
[Round "5"]
[White "De Oliveira, Daniel C Xavier"]
[Black "Leon Lopes, Sergio Amadeus"]
[Result "0-1"]
[WhiteElo "1781"]
[BlackElo "1887"]
[PlyCount "48"]
[EventDate "2017.09.15"]
[EventType "swiss"]
[EventRounds "6"]
[EventCountry "BRA"]
[SourceTitle "CBM 180 Extra"]
[Source "ChessBase"]
[SourceDate "2017.10.06"]
[SourceVersion "1"]
[SourceVersionDate "2017.10.06"]
[SourceQuality "1"]

1. e4 e5 2. Nf3 Nc6 3. d4 exd4 4. Nxd4 Nf6 5. Nxc6 bxc6 6. e5 Qe7 7. Qe2 Nd5 8. c4 Ba6 9. b3 Qh4 10. Bb2 Bb4+ 11. Nd2 0-0 12. Qf3 Bxd2+ 13. Kxd2 Qg5+ 14. Kd1 Nb6 15. Qg3 Qe7 16. Bd3 Rab8 17. Kc2 Rfe8 18. f4 g6 19. f5 d5 20. exd6 Qxd6 21. Qg5 Nxc4 22. bxc4 Rxb2+ 23. Kxb2 Qxd3 24. Qf6 Re2+ 0-1

[Event "Sao Paulo Schutt op 14th"]
[Site "Sao Paulo"]
[Date "2017.09.17"]
[Round "6"]
[White "Leon Lopes, Sergio Amadeus"]
[Black "Pritsopoulos, Constantino Demetri"]
[Result "0-1"]
[WhiteElo "1887"]
[BlackElo "1962"]
[PlyCount "110"]
[EventDate "2017.09.15"]
[EventType "swiss"]
[EventRounds "6"]
[EventCountry "BRA"]
[SourceTitle "CBM 180 Extra"]
[Source "ChessBase"]
[SourceDate "2017.10.06"]
[SourceVersion "1"]
[SourceVersionDate "2017.10.06"]
[SourceQuality "1"]

1. c4 c5 2. Nc3 b6 3. Nf3 Bb7 4. e4 Nc6 5. d4 cxd4 6. Nxd4 d6 7. Be2 g6 8. 0-0 Bg7 9. Be3 Nf6 10. f3 0-0 11. Qd2 Rc8 12. Rac1 a6 13. Nxc6 Rxc6 14. Rfd1 Qb8 15. b3 Nd7 16. Nd5 Re8 17. Bg5 Kf8 18. Qf4 Nc5 19. Qh4 f6 20. Be3 Kf7 21. Bd4 Qd8 22. Rf1 e6 23. Nb4 f5 24. Qf2 Rc8 25. exf5 exf5 26. Rfe1 a5 27. Bxg7 Kxg7 28. Nd5 Bxd5 29. Qd4+ Qf6 30. Qxf6+ Kxf6 31. cxd5 Re5 32. Bc4 Rce8 33. Kf1 Rxe1+ 34. Rxe1 Rxe1+ 35. Kxe1 Ke5 36. Kd2 Kd4 37. g3 g5 38. h3 f4 39. gxf4 gxf4 40. Bb5 Kxd5 41. Kc3 h6 42. a3 Ne6 43. Bd7 Nd4 44. Bc8 b5 45. b4 axb4+ 46. Kxb4 Kc6 47. Bg4 Kb6 48. Kc3 Kc5 49. Bh5 Nc6 50. Be8 Ne5 51. Bh5 d5 52. Kb3 d4 53. Kb2 Kc4 54. Kc2 d3+ 55. Kd2 Kd4 0-1

[Event "Sao Paulo Schutt op 14th"]
[Site "Sao Paulo"]
[Date "2017.09.16"]
[Round "4"]
[White "Leon Lopes, Sergio Amadeus"]
[Black "Silva, Vinicius Parente"]
[Result "0-1"]
[WhiteElo "1887"]
[BlackElo "1955"]
[PlyCount "120"]
[EventDate "2017.09.15"]
[EventType "swiss"]
[EventRounds "6"]
[EventCountry "BRA"]
[SourceTitle "CBM 180 Extra"]
[Source "ChessBase"]
[SourceDate "2017.10.06"]
[SourceVersion "1"]
[SourceVersionDate "2017.10.06"]
[SourceQuality "1"]

1. c4 e5 2. Nc3 Nc6 3. Nf3 g6 4. d4 Bg7 5. dxe5 Nxe5 6. Nxe5 Bxe5 7. Qd3 d6 8. g3 Ne7 9. Bg2 h5 10. h4 Bf5 11. e4 Be6 12. Be3 Qd7 13. 0-0-0 a6 14. f4 Bg7 15. Bd4 Bxd4 16. Qxd4 0-0-0 17. e5 Nc6 18. Bxc6 Qxc6 19. exd6 Bg4 20. Rde1 Rhe8 21. Qd5 Rxd6 22. Qxf7 Rde6 23. Ref1 Qxc4 24. Qg7 Qd3 25. Rd1 Bxd1 26. Rxd1 Qf5 27. Qd7+ Kb8 28. Rd3 Re1+ 29. Kd2 Qxd7 30. Rxd7 Rg1 31. Rd3 Rg2+ 32. Kc1 Re1+ 33. Nd1 Ree2 34. Rf3 Rc2+ 35. Kb1 Rce2 36. Kc1 Re1 37. f5 gxf5 38. Rxf5 Rgg1 39. Rd5 c6 40. Rd3 Re2 41. a3 Reg2 42. Rd8+ Kc7 43. Rh8 Rxg3 44. Kc2 R3g2+ 45. Kc1 Rh2 46. Rxh5 Rhh1 47. Rh7+ Kd6 48. Rxb7 Rxd1+ 49. Kc2 Rd4 50. Ra7 Rc4+ 51. Kb3 Rcxh4 52. Rxa6 R1h3+ 53. Ka2 Rh2 54. Rb6 Kc5 55. Rb8 Rg4 56. Rb7 Rg1 57. Rb8 Rhh1 58. Rb7 Kd5 59. Rd7+ Kc4 60. b3+ Kc3 0-1

[Event "Sao Paulo-B U2050 op 5th"]
[Site "Sao Paulo"]
[Date "2016.10.16"]
[Round "6.14"]
[White "Mileski, Lucas de Souza"]
[Black "Leon Lopes, Sergio Amadeus"]
[Result "1/2-1/2"]
[WhiteElo "1775"]
[BlackElo "1874"]
[PlyCount "35"]
[EventDate "2016.10.13"]
[EventType "swiss"]
[EventRounds "6"]
[EventCountry "BRA"]
[SourceTitle "EXT 2022"]
[Source "ChessBase"]
[SourceDate "2021.10.06"]
[SourceVersion "1"]
[SourceVersionDate "2021.10.06"]
[SourceQuality "1"]

1. Nf3 Nf6 2. c4 c5 3. Nc3 g6 4. g3 Bg7 5. Bg2 Nc6 6. 0-0 0-0 7. d4 cxd4 8. Nxd4 Nxd4 9. Qxd4 d6 10. Qd2 Rb8 11. b3 Re8 12. Bb2 Bd7 13. Rfd1 Qa5 14. Nd5 Qxd2 15. Rxd2 Nxd5 16. Bxg7 Kxg7 17. Bxd5 Bc6 18. Rad1 1/2-1/2

[Event "BRA-ch Amateur"]
[Site "Sao Paulo"]
[Date "2015.04.30"]
[Round "1"]
[White "Dutra, Liliam Guedes"]
[Black "Leon Lopes, Sergio Amadeus"]
[Result "0-1"]
[WhiteElo "1623"]
[BlackElo "1962"]
[PlyCount "64"]
[EventDate "2015.04.30"]
[EventType "swiss"]
[EventRounds "7"]
[EventCountry "BRA"]
[SourceTitle "EXT 2022"]
[Source "ChessBase"]
[SourceDate "2021.10.06"]
[SourceVersion "1"]
[SourceVersionDate "2021.10.06"]
[SourceQuality "1"]

1. d4 Nf6 2. c4 e6 3. Nc3 Bb4 4. Nf3 b6 5. a3 Bxc3+ 6. bxc3 Ba6 7. e3 0-0 8. Be2 Ne4 9. Qc2 f5 10. 0-0 d5 11. Ne5 Qe8 12. a4 Nd6 13. Ba3 Rf6 14. cxd5 Bxe2 15. Qxe2 exd5 16. Qa2 Qe6 17. Rfc1 Nc4 18. Nxc4 dxc4 19. Rd1 Qd5 20. Qe2 Nc6 21. Rab1 a6 22. Bb4 Re8 23. Re1 Rfe6 24. Rb2 f4 25. Qg4 Rg6 26. Qh3 h6 27. g3 f3 28. Qf1 Rge6 29. Reb1 g5 30. h3 h5 31. g4 hxg4 32. hxg4 Rh6 0-1

[Event "BRA-ch Amateur"]
[Site "Sao Paulo"]
[Date "2015.04.02"]
[Round "4"]
[White "Leon Lopes, Sergio Amadeus"]
[Black "Coutinho, Sidnei Bissacot"]
[Result "0-1"]
[WhiteElo "1962"]
[BlackElo "2078"]
[PlyCount "112"]
[EventDate "2015.04.30"]
[EventType "swiss"]
[EventRounds "7"]
[EventCountry "BRA"]
[SourceTitle "EXT 2022"]
[Source "ChessBase"]
[SourceDate "2021.10.06"]
[SourceVersion "1"]
[SourceVersionDate "2021.10.06"]
[SourceQuality "1"]

1. c4 e5 2. Nc3 Nf6 3. g3 Be7 4. Bg2 0-0 5. Nf3 d6 6. 0-0 c6 7. b3 Bg4 8. h3 Bf5 9. d4 e4 10. Ne1 d5 11. Nc2 Na6 12. Be3 h5 13. f3 Bd6 14. Bf2 Qb8 15. f4 Qc8 16. Kh2 h4 17. e3 Nb4 18. c5 hxg3+ 19. Bxg3 Nxc2 20. Qxc2 Be7 21. Qe2 g6 22. Nd1 Kg7 23. Nf2 Rh8 24. Kg1 Qd7 25. Rfc1 Rh7 26. Kf1 Rah8 27. Ke1 Nh5 28. Bh2 Bh4 29. Kd2 Bxf2 30. Qxf2 Bxh3 31. Bxh3 Qxh3 32. f5 g5 33. f6+ Kg6 34. Rf1 Qf3 35. Qg1 Qh3 36. Qf2 Nf4 37. Bxf4 gxf4 38. Qxf4 Qh2+ 39. Kc3 Qxf4 40. Rxf4 Rh1 41. Raf1 Rxf1 42. Rxf1 Rh3 43. Re1 Kxf6 44. Re2 Kf5 45. Rf2+ Rf3 46. Re2 Kg4 47. b4 f5 48. a4 f4 49. Kd2 Rxe3 50. Rxe3 fxe3+ 51. Ke1 a6 52. Ke2 Kf4 53. a5 Kg3 54. Kxe3 Kg4 55. Ke2 Kf4 56. Kf2 e3+ 0-1

[Event "BRA-ch Amateur"]
[Site "Sao Paulo"]
[Date "2015.04.01"]
[Round "2"]
[White "Leon Lopes, Sergio Amadeus"]
[Black "Dibai, Jerry"]
[Result "1-0"]
[WhiteElo "1962"]
[BlackElo "1786"]
[PlyCount "86"]
[EventDate "2015.04.30"]
[EventType "swiss"]
[EventRounds "7"]
[EventCountry "BRA"]
[SourceTitle "EXT 2022"]
[Source "ChessBase"]
[SourceDate "2021.10.06"]
[SourceVersion "1"]
[SourceVersionDate "2021.10.06"]
[SourceQuality "1"]

1. c4 Nf6 2. Nf3 g6 3. Nc3 Bg7 4. g3 0-0 5. Bg2 d6 6. 0-0 e5 7. d3 c6 8. Rb1 Re8 9. Qc2 a6 10. b4 d5 11. e4 d4 12. Na4 b5 13. Nc5 Nbd7 14. Nb3 Nb6 15. Na5 Bd7 16. c5 Na4 17. Nb7 Qc7 18. Nd6 Re7 19. Bd2 h6 20. Qc1 Kh7 21. Nh4 Ne8 22. Nxe8 Rexe8 23. f4 Nc3 24. Bxc3 dxc3 25. f5 gxf5 26. Nxf5 Bxf5 27. Rxf5 Re7 28. Qxc3 Rd8 29. Bf1 Rd5 30. Be2 Qd7 31. Rbf1 Kh8 32. a3 Qe6 33. Qb2 f6 34. g4 Qd7 35. R1f3 Qe6 36. Bd1 Qd7 37. Bc2 Qe8 38. h4 Red7 39. Bb1 Qg6 40. g5 hxg5 41. hxg5 fxg5 42. Rh3+ Bh6 43. Qh2 Kh7 1-0